00551nam a2200181 a 4500001001300000003000900013005001700022008004100039020001000080082002100090100001900111245009700130260004800227300000900275500003500284650003100319700001900350nice12345678IN_TiNIC20260116012817.0050524s1985 hara grp 000 0 eng  ac18000a305.6945097bSAT aSatyaprakash,  aMualima in Indiab A Bibliography of Their Religious Socio-Economic and Political Literature aHaryanabIndian Documentation Servicec1985 a279p aincludes index and biblioraphy aMuslims-India-Bibliography1 aSatyaprakash,